01012nam a2200337 a 4500003000900000005001700009008004100026020001800067040001300085100002600098245003200124260003200156300002600188500002300214500004500237500004300282650002700325650002800352650001200380650001200392650001200404650002100416650003100437650002800468650002200496650002300518650003100541650002800572700004400600700003000644AR-BaBNM20251128204819.0082120s2002 ||||||||||||||000 | spa|| a84-7174-390-6 cAR-BaBNM1 aChalvin, Marie Joseph00aLos dos cerebros en el aula aMadridbTEA Edicionesc1995 a200 p.bil., gráfs. aAnexos: p. 170-192 aContiene índice de notas en p. 193-195 aReferencias bibliográficas en p. 195 4aPROCESO DE APRENDIZAJE 4aTEORIAS DEL APRENDIZAJE 4aZURDERA 4aMEMORIA 4aCEREBRO 4aSISTEMA NERVIOSO 4aPSICOLOGIA DE LA EDUCACION 4aDESARROLLO COGNOSCITIVO 4aDESARROLLO MENTAL 4aEDUCACION ESPECIAL 4aACTIVIDADES DE APRENDIZAJE 4aTECNICAS DE ENSEÑANZA1 aCruz, María Victoria de laetraductor1 aChalvin, Marceilustrador